| 000 | 02091cam a2200481 i 4500 | ||
|---|---|---|---|
| 001 | 33749 | ||
| 003 | KOSZ 005 | ||
| 005 | 20211105150519.0 | ||
| 008 | 980702s1996 pl a d |001 0 pol | ||
| 015 | _aPB 1996/9648 | ||
| 020 | _a8320602343 | ||
| 040 |
_aWA N _cWA N _dKOSZ 005/HR |
||
| 041 | 0 |
_apol _afre _ager _aita _arus |
|
| 080 | _a629.33 | ||
| 080 | _a(038)=00 | ||
| 100 | 1 |
_aBlok, Czesław _eAutor |
|
| 245 | 1 | 0 |
_aIlustrowany słownik samochodowy 6-języczny = _bDictionnaire illustré en 6 langues = 6 [six]-language illustrated dictionary of the car = Illustrierte 6-sprachiges kraftfahrtechnisches Wörterbuch = Dizionario automobilistico illustrato in 6 lingue = Illjustrirovannyj 6-jazyčnyj avtomobil'nyj slovar' : polski, francuski, angielski, niemiecki, włoski, rosyjski / _cCzesław Blok, Wiesław Jeżewski ; [tł. Bogdan Moszoro et al.]. |
| 246 | 3 | 1 | _aDictionnaire illustré en 6 langues. |
| 246 | 3 | 1 | _aSix-language illustrated dictionary of the car. |
| 246 | 3 | 1 | _aIllustrierte 6-sprachiges kraftfahrtechnisches Wörterbuch. |
| 246 | 3 | 1 | _aDizionario automobilistico illustrato in 6 lingue. |
| 246 | 3 | 1 | _aIlljustrirovannyj 6-jazyčnyj avtomobil'nyj slovar' |
| 246 | 3 | 0 | _aIlustrowany słownik samochodowy sześciojęzyczny |
| 250 | _a[Wyd. 6]. | ||
| 260 |
_aWarszawa : _bWydawnictwa Komunikacji i Łączności, _c1996. |
||
| 300 |
_a681, [7] s. : _brys. ; _c17 x 24 cm. |
||
| 380 | _aKsiążki | ||
| 380 | _aPublikacje informacyjne | ||
| 388 | _a1901-2000 | ||
| 388 | _a1989-2000 | ||
| 504 | _aIndeksy. | ||
| 650 | 4 | _aSamochody | |
| 650 | 4 | _aTerminologia | |
| 655 | 4 | _aSłownik wielojęzyczny | |
| 655 | 4 | _aSłownik terminologiczny | |
| 658 | _aInżynieria i technika | ||
| 658 | _aJęzykoznawstwo | ||
| 700 | 1 |
_aMoszoro, Bogdan _eTłumaczenie |
|
| 700 | 1 |
_aJeżewski, Wiesław _eAutor |
|
| 710 | 2 |
_aWydawnictwa Komunikacji i Łączności _4pbl. |
|
| 856 |
_uhttp://koha.tu.koszalin.pl/cgi-bin/koha/opac-detail.pl?biblionumber=33749 _yKatalog online BPK |
||
| 942 |
_2UKD _cKS |
||
| 999 |
_c33749 _d33749 |
||